Sports Quiz

Random Sports or NFL Quiz
Score 0/76 Timer 08:00
9 Plays Today
% Correct
Cincinnati Reds
94.5%
New York Giants
93%
San Francisco Giants
92.9%
Los Angeles Lakers
90.8%
Boston Red Sox
90.7%
New York Jets
90.5%
Boston Celtics
90.4%
New York Yankees
89.9%
Boston Patriots
89.1%
Chicago Bears
88.4%
Dallas Cowboys
88.4%
Cleveland Browns
88%
St. Louis Cardinals
87.9%
St. Louis Cardinals
87.9%
Chicago White Sox
87.9%
New York Rangers
87.9%
Green Bay Packers
87.6%
Pittsburgh Steelers
87%
Philadelphia Eagles
86.1%
Detroit Lions
85.7%
Baltimore Colts
85.7%
Houston Oilers
85.2%
Los Angeles Rams
85%
Chicago Cubs
84.9%
Atlanta Braves
84.9%
Oakland Raiders
84.6%
Minnesota Vikings
84.3%
New York Mets
84.2%
Atlanta Falcons
84.2%
Boston Bruins
83.9%
Miami Dolphins
83.8%
Washington Redskins
83%
Los Angeles Dodgers
82.8%
Cincinnati Bengals
82.6%
San Francisco 49ers
82.2%
New York Knicks
82.1%
Chicago Black Hawks
82%
Detroit Red Wings
81.9%
% Correct
Montreal Canadiens
81.4%
Chicago Bulls
81.2%
Denver Broncos
80.4%
San Diego Chargers
79.8%
Toronto Maple Leafs
79.8%
Kansas City Chiefs
79.7%
Philadelphia 76ers
79.4%
Detroit Tigers
79%
Pittsburgh Pirates
78.9%
Philadelphia Phillies
78.8%
Atlanta Hawks
78.6%
Baltimore Orioles
78.5%
Cleveland Indians
77.4%
Kansas City Royals
76.7%
Cincinnati Royals
76.5%
Minnesota Twins
76.2%
Buffalo Bills
76%
Los Angeles Kings
75.7%
Philadelphia Flyers
74.5%
Houston Astros
74.2%
Detroit Pistons
74.1%
New Orleans Saints
73.3%
Pittsburgh Penguins
73.2%
Milwaukee Brewers
72.3%
Washington Senators
72%
San Francisco Warriors
71.6%
San Diego Padres
71%
Oakland Athletics
70.6%
California Angels
70.4%
Baltimore Bullets
68.3%
Milwaukee Bucks
65.1%
St. Louis Blues
63.2%
Montreal Expos
61.5%
San Diego Rockets
60.3%
Seattle SuperSonics
55.7%
Minnesota North Stars
52.6%
Phoenix Suns
46.2%
Oakland Seals
29.2%
Come Together.
Have Fun.
All Virtual.
We all need to come together. Play Sporcle's virtual live trivia to have fun, connect with people, and get your trivia on. Join a live hosted trivia game for your favorite pub trivia experience done virtually. If a virtual private party is more your thing, go here for details.

You're not logged in!

Compare scores with friends on all Sporcle quizzes.
OR
Log In

Sporcle TV

Today on Sporcle TV


Watch our educational content, quiz creation guides, and fun videos on Sporcle TV.

Show Comments

Extras

Top Quizzes Today


Score Distribution

Paid Content

Your Account Isn't Verified!

In order to create a playlist on Sporcle, you need to verify the email address you used during registration. Go to your Sporcle Settings to finish the process.

Report this User

Report this user for behavior that violates our Community Guidelines.

Details: